Newham LBC v Khatun, Zeb and Iqbal and OFT (Record no. 74196)
[ view plain ]
| 000 -LEADER | |
|---|---|
| fixed length control field | 02047cab a2200253 4500 |
| 001 - CONTROL NUMBER | |
| control field | ABS67534 |
| 008 - FIXED-LENGTH DATA ELEMENTS--GENERAL INFORMATION | |
| fixed length control field | 040301n2004 000 0 eng u |
| 035 ## - SYSTEM CONTROL NUMBER | |
| System control number | (Sirsi) u125272 |
| 245 ## - TITLE STATEMENT | |
| Title | Newham LBC v Khatun, Zeb and Iqbal and OFT |
| 260 ## - PUBLICATION, DISTRIBUTION, ETC. | |
| Date of publication, distribution, etc. | 2004 |
| 490 ## - SERIES STATEMENT | |
| Series statement | Landlord and Tenant Reports |
| Volume/sequential designation | [2004] L&TR 306-342(38) |
| 520 ## - SUMMARY, ETC. | |
| Summary, etc. | [2004] EWCA Civ 55, 24 February 2004. Three appeals heard together against a HC decision ([2003] EWHC 2326 (Admin), [2004] 08 EG 136) which allowed applications for judicial review brought by the three respondents K, Z and I against decisions made by appellant Council N in the context of its responsibilities for homeless persons under the Housing Act 1996 Part VII. The case involving K also raised the question of whether the Unfair Terms in Consumer Contracts Regulations 1999 and Council Directive 93/13/EEC applied to the terms on which accommodation was let by N pursuant to its duty under Part VII of the 1996 Act. The OFT as the enforcement regulator under the Regulations joined the case as an interested party in the HC where it was found that the Regulations and Directive did apply. N appealed on both points. After considering N's statutory duties under Part VII of the 1996 together with its homelessness policy along with the facts of each case, the CA allowed N's appeal with respect to the homeless. The second issue relating to the application of the 1999 Regulations and Directive was upheld by the CA. For OFT viewpoint see WB4008-1. View judgment at www.courtservice.gov.uk. |
| 590 ## - LOCAL NOTE (RLIN) | |
| Local note | ABS |
| 650 ## - SUBJECT ADDED ENTRY--TOPICAL TERM | |
| Topical term or geographic name entry element | NEWHAM LBC V KHATUN AND OTHERS |
| 650 ## - SUBJECT ADDED ENTRY--TOPICAL TERM | |
| Topical term or geographic name entry element | HOUSING ACT 1996 PART VII |
| 650 ## - SUBJECT ADDED ENTRY--TOPICAL TERM | |
| Topical term or geographic name entry element | UNFAIR TERMS IN CONSUMER CONTRACTS REGULATIONS 1999 |
| 650 ## - SUBJECT ADDED ENTRY--TOPICAL TERM | |
| Topical term or geographic name entry element | DIRECTIVE 93/13/EEC |
| 650 ## - SUBJECT ADDED ENTRY--TOPICAL TERM | |
| Topical term or geographic name entry element | OFT |
| 650 ## - SUBJECT ADDED ENTRY--TOPICAL TERM | |
| Topical term or geographic name entry element | HOMELESSNESS |
| 650 ## - SUBJECT ADDED ENTRY--TOPICAL TERM | |
| Topical term or geographic name entry element | UNFAIR TERMS |
| 690 ## - LOCAL SUBJECT ADDED ENTRY--TOPICAL TERM (OCLC, RLIN) | |
| Topical term or geographic name as entry element | LANDLORD AND TENANT-RESIDENTIAL TENANCIES-CASE LAW |
| 856 ## - ELECTRONIC LOCATION AND ACCESS | |
| Uniform Resource Identifier | <a href="https://www.courtservice.gov.uk/judgmentsfiles/j2326/newham-v-khatun_zen_iqbal.htm">https://www.courtservice.gov.uk/judgmentsfiles/j2326/newham-v-khatun_zen_iqbal.htm</a> |
| Public note | View judgment on the Court Service website... |
| 942 ## - ADDED ENTRY ELEMENTS (KOHA) | |
| Suppress in OPAC | 0 |
| Withdrawn status | Lost status | Source of classification or shelving scheme | Damaged status | Not for loan | Home library | Current library | Shelving location | Date acquired | Total Checkouts | Full call number | Barcode | Date last seen | Copy number | Price effective from | Koha item type |
|---|---|---|---|---|---|---|---|---|---|---|---|---|---|---|---|
| Dewey Decimal Classification | London | London | Journal article | 01/03/2004 | ABS67534 | 125272-1001 | 06/08/2019 | 1 | 06/08/2019 | Law report | |||||
| Dewey Decimal Classification | Virtual | Virtual | Online | 01/03/2004 | ONLINE | 125272-2001 | 06/08/2019 | 1 | 06/08/2019 | Law report |